000 00762nam a2200205 4500
001 124224
003 ES-MaACL
005 20250717081028.0
007 t|
008 070214s1918 sp r ||||1| spa d
100 1 _aRedondo y Carranceja, Arturo de.
_995832
245 1 1 _aDiscurso leído en la solemne inauguración del Curso Académico de 1918 a 1919 por el Doctor D. Arturo de Redondo y Carranceja.
260 _aMadrid :
_bUniversidad Central,
_c1918.
300 _a174 p. ;
_c27 cm.
500 _aTema: De la degeneración y de la regeneración de nuestra raza.
594 _aPrecede al tít.: Universidad Central.
710 2 _aUniversidad Central (Madrid).
_bFacultad de Medicina
_97093
852 _aES-MaACL
_j1538-F-6
999 _c124224
_d124224